000 00204 a2200097 4500
020 _a9781614350774
041 _aspa
100 _aMcdonald Megan
245 _ajudy moody y un verano que promete
942 _cBK
999 _c8316
_d8316